"Don't ask, don't tell" : military policy and the law on same-sex behavior /
| Main Author: | |
|---|---|
| Format: | eBook |
| Language: | English |
| Published: |
[Washington, District of Columbia] :
Congressional Research Service,
[2010]
|
| Series: | CRS report for Congress ;
R40782. U.S. Congressional documents. Civil rights and social justice. |
| Subjects: | |
| Online Access: | Connect to the full text of this electronic book |
MARC
| Tag | First Indicator | Second Indicator | Subfields |
|---|---|---|---|
| LEADER | 00000cam a2200000 i 4500 | ||
| 001 | in00004398457 | ||
| 005 | 20210123200558.0 | ||
| 006 | m fo d f | ||
| 007 | cr bn nnnauuuu | ||
| 008 | 170316s2010 dcu ob f000 0 eng d | ||
| 035 | |a ccn00791734 | ||
| 040 | |a NjRocCCS |b eng |e rda |c NjRocCCS | ||
| 043 | |a n-us--- | ||
| 050 | 4 | |a Z663.6 |b .D666 2010i | |
| 100 | 1 | |a Burrelli, David F., |d 1958- |e author. | |
| 245 | 1 | 0 | |a "Don't ask, don't tell" : |b military policy and the law on same-sex behavior / |c David F. Burrelli. |
| 246 | 3 | 0 | |a Military policy and the law on same-sex behavior |
| 264 | 1 | |a [Washington, District of Columbia] : |b Congressional Research Service, |c [2010] | |
| 264 | 2 | |a [Getzville, New York] : |b William S. Hein and Company, |c [2016] | |
| 300 | |a 1 online resource (22 pages). | ||
| 336 | |a text |b txt |2 rdacontent | ||
| 337 | |a computer |b c |2 rdamedia | ||
| 338 | |a online resource |b cr |2 rdacarrier | ||
| 490 | 1 | |a CRS report for Congress ; |v R40782 | |
| 490 | 1 | |a HeinOnline U.S. Congressional documents | |
| 490 | 1 | |a HeinOnline civil rights and social justice | |
| 500 | |a "October 14, 2010." | ||
| 504 | |a Includes bibliographical references. | ||
| 588 | |a Description based on PDF title page, viewed March 16, 2017. | ||
| 650 | 0 | |a Gay military personnel |x Government policy |z United States. | |
| 650 | 0 | |a Gay military personnel |x Legal status, laws, etc. |z United States. | |
| 650 | 0 | |a Homosexuality |x Law and legislation |z United States. | |
| 651 | 0 | |a United States |x Military policy. | |
| 651 | 0 | |a United States |x Armed Forces |v Regulations. | |
| 655 | 7 | |a Electronic books. |2 local | |
| 655 | 7 | |a Legislative materials. |2 lcgft | |
| 710 | 2 | |a Library of Congress. |b Congressional Research Service, |e issuing body. | |
| 830 | 0 | |a CRS report for Congress ; |v R40782. | |
| 830 | 0 | |a U.S. Congressional documents. | |
| 830 | 0 | |a Civil rights and social justice. | |
| 856 | 4 | 0 | |u http://proxy.library.tamu.edu/login?url=https://www.heinonline.org/HOL/Page?handle=hein.crs/crsmthaamuk0001&id=1&size=2&collection=civil&index=civil |z Connect to the full text of this electronic book |t 0 |
| 949 | |a Z 663.6 .D666 2010i |w LC |c 1 |i 791734-1001 |d 9/14/2020 |l MAIN |m HEN |q 1 |r Y |s Y |t WEB |u 3/16/2017 |x ENG |z N-US | ||
| 999 | f | f | |s d1729d39-fd6a-347a-9617-826311b7858b |i 9109084e-9e13-373e-9b26-d2d75f7e35c1 |t 0 |
| 952 | f | f | |a Texas A&M University |b College Station |c Electronic Resources |d Available Online |t 0 |e Z663.6 .D666 2010i |h Library of Congress classification |
| 998 | f | f | |a Z663.6 .D666 2010i |t 0 |l Available Online |